[Event "AUTO-INT-1135"]
[Site "http://www.queenalice.com/game.php?id=508172"]
[Date "2008.12.15"]
[Round "1"]
[White "archiphile"]
[Black "enzo69"]
[Result "1-0"]
[WhiteElo "1724"]
[BlackElo "1745"]

1. d4 Nf6 2. Nf3 Nc6 3. h3 d5 4. Bf4 e6 5. a3 Bd6 6. Bxd6 Qxd6 7. e3 O-O 8. c4
Ne4 9. c5 Qe7 10. b4 e5 11. Be2 Re8 12. O-O Bf5 13. Bd3 a6 14. Qa4 Nxc5 15. bxc5
Bxd3 16. Rc1 Be4 17. Nbd2 Bxf3 18. Nxf3 e4 19. Nd2 h6 20. Qb3 Na5 21. Qxd5 Rad8
22. Qa2 b6 23. Nb3 Nb7 24. cxb6 cxb6 25. Rc6 Rd6 26. Rac1 Qd7 27. Rc7 Qe6 28.
Rxb7 Rc8 29. Qb2 Rdc6 30. Rxc6 Qxc6 31. Re7 f5 32. d5 Qg6 33. Nd4 Re8 34. Nc6
Qh5 35. Qxg7# 1-0

[Event "AUTO-INT-1135"]
[Site "http://www.queenalice.com/game.php?id=508173"]
[Date "2008.12.15"]
[Round "1"]
[White "enzo69"]
[Black "archiphile"]
[Result "1-0"]
[WhiteElo "1712"]
[BlackElo "1746"]

1. e4 c5 2. Nf3 Nc6 3. Bb5 e6 4. Bxc6 dxc6 5. O-O g6 6. Nc3 Bg7 7. e5 f6 8. Re1
Ne7 9. exf6 Bxf6 10. Ne5 Nd5 11. Nxd5 Qxd5 12. c4 Qd6 13. Qe2 Qe7 14. d3 O-O 15.
Bh6 Re8 16. Rad1 Bg7 17. Bxg7 Qxg7 18. Qe3 b6 19. Qg5 Bd7 20. d4 cxd4 21. Rxd4
Rad8 22. Nxc6 Ra8 23. Ne5 Bc8 24. Rd8 Bb7 25. Red1 Raxd8 26. Rxd8 Rxd8 27. Qxd8+
Qf8 28. Qc7 Qa8 29. f3 Qc8 30. Qf7+ Kh8 31. Qf6+ Kg8 32. Nf7 Qc5+ 33. Kh1 Qxc4
34. Nh6# 1-0

[Event "AUTO-INT-1135"]
[Site "http://www.queenalice.com/game.php?id=508180"]
[Date "2008.12.15"]
[Round "1"]
[White "ReidoBaralho"]
[Black "enzo69"]
[Result "0-1"]
[WhiteElo "1533"]
[BlackElo "1701"]

1. d4 Nf6 2. d5 g6 3. Qd4 Bg7 4. d6 Nc6 5. Qc4 O-O 6. dxe7 Qxe7 7. e3 d5 8. Qb3
Qb4+ 9. Bd2 Qxb3 10. axb3 Ne4 11. f3 Bxb2 12. Ra5 Nxa5 13. Bxa5 b6 14. Bb4 c5
15. fxe4 cxb4 16. exd5 Re8 17. Nd2 Bc3 18. Ne2 Rxe3 19. Kf2 Bxd2 20. g4 Bxg4 21.
h3 Bf3 22. Rh2 Rae8 23. Kg3 Bxe2+ 24. Kf2 Bxf1 25. Kxf1 Re1+ 26. Kg2 R8e2+ 27.
Kg3 Rg1+ 28. Kf3 Rxh2 0-1

[Event "AUTO-INT-1135"]
[Site "http://www.queenalice.com/game.php?id=508181"]
[Date "2008.12.15"]
[Round "1"]
[White "enzo69"]
[Black "ReidoBaralho"]
[Result "1-0"]
[WhiteElo "1671"]
[BlackElo "1484"]

1. d4 e6 2. c4 Bb4+ 3. Bd2 Qe7 4. Bxb4 Qxb4+ 5. Qd2 Qxc4 6. e3 Qd5 7. Nc3 Qg5 8.
Nf3 Qf6 9. d5 d6 10. O-O-O a6 11. Bc4 b5 12. Bb3 b4 13. Ne4 Qg6 14. Qxb4 c5 15.
Nxd6+ Ke7 16. Nxc8+ Kf8 17. Qxc5+ Ke8 18. dxe6 fxe6 19. Ne5 Qf5 20. f4 Nd7 21.
Qc6 Ne7 22. Qxd7+ Kf8 23. Qxe7+ Kg8 24. Rd8+ Qf8 25. Rxf8# 1-0

[Event "One More"]
[Site "http://www.queenalice.com/game.php?id=515442"]
[Date "2008.12.31"]
[Round "-"]
[White "enzo69"]
[Black "petrovic"]
[Result "1/2-1/2"]
[WhiteElo "1739"]
[BlackElo "1836"]

1. d4 d5 2. c4 c6 3. cxd5 cxd5 4. Nc3 Nf6 5. Bg5 Nc6 6. Bxf6 exf6 7. Nf3 Be6 8.
g3 Qb6 9. Qd2 Rc8 10. Bg2 Bd6 11. O-O O-O 12. Rfe1 Na5 13. e4 dxe4 14. Nxe4 Bb4
15. Nc3 Nc4 16. Qc2 Nxb2 17. Re3 Qa5 18. Qxb2 Bxc3 19. Rxc3 Qxc3 20. Qxc3 Rxc3
21. a4 Bd5 22. Ne1 Bxg2 23. Kxg2 Rc4 24. Nf3 Rd8 25. a5 h6 26. g4 Rb4 27. h4 b6
28. axb6 axb6 29. Kg3 g5 30. Rh1 Kg7 31. h5 b5 32. Kg2 Rb2 33. Rd1 b4 34. d5 Rd6
35. Rd3 Ra6 36. d6 Ra8 37. d7 Rd8 38. Nd2 Rc2 39. Rd4 Kf8 40. Nb3 Rc3 41. Rxb4
Rxd7 42. Rb8+ Kg7 43. Rb4 Rd1 44. Nd4 Rxd4 45. Rxd4 Rc5 46. f4 f5 47. fxg5 hxg5
48. Kg3 f4+ 49. Kf3 Rc3+ 50. Ke4 Rg3 51. Kf5 f3 52. Kxg5 f2 53. h6+ Kg8 54. Rf4
1/2-1/2

[Event "Challenge"]
[Site "http://www.queenalice.com/game.php?id=519155"]
[Date "2009.1.8"]
[Round "-"]
[White "enzo69"]
[Black "dotromundo"]
[Result "1/2-1/2"]
[WhiteElo "1713"]
[BlackElo "1856"]

1. e4 Nc6 2. d4 e5 3. Nf3 exd4 4. Nxd4 Nxd4 5. Qxd4 c5 6. Qe5+ Qe7 7. Qxe7+ Bxe7
8. Nc3 Nf6 9. Nd5 Nxd5 10. exd5 a6 11. b3 Bf6 12. Rb1 Bc3+ 13. Bd2 Bxd2+ 14.
Kxd2 O-O 15. Re1 d6 16. Bd3 b5 17. Re3 Bd7 18. Rhe1 Rac8 19. c4 b4 20. Re7 Rcd8
21. h3 f5 22. Kc2 a5 23. Kb2 a4 24. bxa4 Bxa4 25. Ra7 Rde8 26. Rxe8 Bxe8 27. Ra8
g6 28. Kb3 Kf7 29. f4 1/2-1/2

[Event "Challenge"]
[Site "http://www.queenalice.com/game.php?id=522161"]
[Date "2009.1.14"]
[Round "-"]
[White "Josecarlos"]
[Black "enzo69"]
[Result "1-0"]
[WhiteElo "1965"]
[BlackElo "1722"]

1. d4 d5 2. h3 Nc6 3. e3 Nf6 4. Nf3 e6 5. Nc3 Bb4 6. Bd2 Bxc3 7. Bxc3 Ne4 8. Qd3
O-O 9. Be2 b6 10. O-O h6 11. a3 Bb7 12. b4 a5 13. b5 Nb4 14. axb4 axb4 15. Bxb4
c5 16. dxc5 bxc5 17. Bxc5 Nxc5 18. Qd4 Qb6 19. Ne5 Qc7 20. Rab1 f6 21. Ng6 Rfe8
22. b6 Qd6 23. f4 e5 24. fxe5 fxe5 25. Qh4 d4 26. Bc4+ Bd5 27. Bxd5+ Qxd5 28.
Ne7+ Rxe7 29. Qxe7 Rb8 30. exd4 Qxd4+ 31. Kh2 e4 32. b7 Na6 33. Rbd1 Qc4 34. Rd7
Qxf1 35. Qxg7# 1-0

[Event "Challenge"]
[Site "http://www.queenalice.com/game.php?id=540980"]
[Date "2009.2.15"]
[Round "-"]
[White "nekaun"]
[Black "enzo69"]
[Result "0-1"]
[WhiteElo "1446"]
[BlackElo "1745"]

1. e4 e6 2. d4 d5 3. Nc3 Bb4 4. Bd2 Bxc3 5. Bxc3 dxe4 6. Qe2 Nf6 7. O-O-O Nc6 8.
f4 e5 9. dxe5 Bg4 10. Rxd8+ Rxd8 11. Qc4 Rd1# 0-1

[Event "Challenge"]
[Site "http://www.queenalice.com/game.php?id=552483"]
[Date "2009.3.8"]
[Round "-"]
[White "paloberto"]
[Black "enzo69"]
[Result "1-0"]
[WhiteElo "1671"]
[BlackElo "1751"]

1. e4 e6 2. d4 d5 3. e5 c5 4. Bb5+ Bd7 5. Bxd7+ Nxd7 6. Nf3 cxd4 7. Qxd4 Bc5 8.
Qg4 g6 9. O-O Ne7 10. Bg5 Qb6 11. b3 O-O-O 12. Nc3 d4 13. Ne2 Qc7 14. Bf4 Nc6
15. Rfd1 Ndxe5 16. Qg5 Be7 17. Qg3 f6 18. Nexd4 Nxd4 19. Nxd4 Rd6 20. Nb5 Rxd1+
21. Rxd1 Qxc2 22. Rc1 Rd8 23. Rxc2+ Kb8 24. Rd2 Rc8 25. Rd7 g5 26. Bxe5+ fxe5
27. Qxe5+ Ka8 28. Nc7+ Kb8 29. Nxe6+ Ka8 30. Rc7 Rxc7 31. Nxc7+ Kb8 32. Qxe7 a6
33. Qd8+ Ka7 34. a4 a5 35. Qxg5 b6 36. Qb5 Kb7 37. Nd5 h5 38. Qxb6+ Kc8 39. Qc7#
1-0

[Event "Challenge"]
[Site "http://www.queenalice.com/game.php?id=560933"]
[Date "2009.3.24"]
[Round "-"]
[White "enzo69"]
[Black "paloberto"]
[Result "1-0"]
[WhiteElo "1759"]
[BlackElo "1677"]

1. d4 d5 2. c4 c6 3. Nf3 Nf6 4. Nc3 Bg4 5. e3 e6 6. Be2 Bb4 7. Qc2 O-O 8. a3 Ba5
9. b4 Bc7 10. e4 h6 11. e5 Nfd7 12. Qd3 a6 13. h3 Bf5 14. Qe3 a5 15. bxa5 Bxa5
16. Bd2 Nb6 17. cxd5 cxd5 18. O-O Nc6 19. a4 Nb4 20. Rfc1 Rc8 21. Nb5 Nc6 22.
Bxa5 Nxa5 23. Rxc8 Qxc8 24. Nd6 Qc2 25. Nxf5 Nbc4 26. Bxc4 Nxc4 27. Nxh6+ Kh7
28. Ng5+ Kxh6 29. Qf4 Kg6 30. Nxe6 Qf5 31. Nxf8+ 1-0

[Event "AUTO-INT-1135"]
[Site "http://www.queenalice.com/game.php?id=568035"]
[Date "2009.4.7"]
[Round "2"]
[White "puertolimon"]
[Black "enzo69"]
[Result "0-1"]
[WhiteElo "1596"]
[BlackElo "1773"]

1. a3 Nf6 2. d4 e6 3. Bg5 d5 4. Nc3 Be7 5. Nf3 Nc6 6. Nb5 a6 7. Nc3 Ne4 8. Bxe7
Qxe7 9. Nxe4 dxe4 10. Nd2 f5 11. e3 Bd7 12. g4 e5 13. gxf5 Bxf5 14. d5 Nd8 15.
Qh5+ g6 0-1

[Event "AUTO-INT-1135"]
[Site "http://www.queenalice.com/game.php?id=568036"]
[Date "2009.4.7"]
[Round "2"]
[White "enzo69"]
[Black "puertolimon"]
[Result "1-0"]
[WhiteElo "1782"]
[BlackElo "1596"]

1. e4 e5 2. Nf3 d6 3. d4 exd4 4. Nxd4 h6 5. Nc3 c5 6. Bb5+ Bd7 7. Bxd7+ Nxd7 8.
Nf5 g6 9. Nxd6+ Bxd6 10. Qxd6 Qb6 11. Qd2 O-O-O 12. Nd5 Qe6 13. Qf4 Ne5 14. b3
f6 15. Bb2 1-0

[Event "AUTO-INT-1135"]
[Site "http://www.queenalice.com/game.php?id=568039"]
[Date "2009.4.7"]
[Round "2"]
[White "archiphile"]
[Black "enzo69"]
[Result "1-0"]
[WhiteElo "1733"]
[BlackElo "1816"]

1. d4 Nf6 2. c4 e6 3. Bg5 Bb4+ 4. Nd2 O-O 5. a3 Bxd2+ 6. Qxd2 h6 7. Bxh6 gxh6 8.
Qxh6 d5 9. c5 Nc6 10. e3 e5 11. Qg5+ Kh8 12. dxe5 Ne4 13. Qh6+ Kg8 14. Nf3 Bg4
15. Be2 Bxf3 16. gxf3 Qg5 17. Qh3 Qxe5 18. Rg1+ Qg5 19. Rxg5+ Nxg5 20. Qg4 f6
21. h4 Ne5 22. Qf5 Nh7 23. f4 b6 24. Qe6+ Nf7 25. Qxd5 a5 26. Bh5 Kg7 27. Bxf7
Rad8 28. Qg2+ Kxf7 29. Qc6 bxc5 30. Qxc7+ Ke6 31. Qxh7 Rh8 32. Qe4+ Kf7 33. Qc4+
Kg6 34. Qxc5 Rxh4 35. Qxa5 Rhh8 36. Ke2 Rc8 37. Qd2 Rh2 38. Rg1+ Kh5 39. Kf3 Rh4
40. Qd5+ Kh6 41. Qe6 Rf8 42. Qe7 Rh3+ 43. Ke2 1-0

[Event "AUTO-INT-1135"]
[Site "http://www.queenalice.com/game.php?id=568040"]
[Date "2009.4.7"]
[Round "2"]
[White "enzo69"]
[Black "archiphile"]
[Result "1-0"]
[WhiteElo "1802"]
[BlackElo "1747"]

1. e4 c5 2. Nf3 Nc6 3. d4 cxd4 4. Nxd4 e5 5. Nxc6 bxc6 6. Bc4 Nf6 7. Bg5 Be7 8.
Bxf6 Bxf6 9. Qd6 Qe7 10. Qxe7+ Bxe7 11. Nd2 Rb8 12. O-O-O Bg5 13. g3 O-O 14. h4
Be7 15. Nf3 d6 16. Rd3 Be6 17. Bxe6 fxe6 18. Rhd1 h6 19. R1d2 Rbd8 20. a3 Rd7
21. Nxe5 Rc7 22. Ng6 Rf6 23. Nxe7+ Rxe7 24. Rxd6 Rc7 25. Rd7 Rxd7 26. Rxd7 Rxf2
27. Rxa7 Rg2 28. Ra6 Rxg3 29. Rxc6 Kf7 30. e5 Re3 31. Rc5 Re4 32. h5 Kg8 33. b4
Re3 34. Kb2 Rh3 35. b5 Rf3 36. b6 Rf8 37. b7 Kh7 38. Rc8 Rf5 39. b8=Q Rxh5 40.
Rh8+ Kg6 41. Qe8+ Kg5 42. Rg8 1-0

[Event "Challenge"]
[Site "http://www.queenalice.com/game.php?id=585268"]
[Date "2009.5.8"]
[Round "-"]
[White "enzo69"]
[Black "dreamer"]
[Result "1-0"]
[WhiteElo "1791"]
[BlackElo "1674"]

1. d4 d5 2. Nf3 e6 3. g3 h6 4. Bg2 Nf6 5. a3 c5 6. O-O cxd4 7. Nxd4 Bd7 8. Bf4
Nc6 9. Nc3 a6 10. Nxc6 Bxc6 11. e3 Be7 12. Re1 O-O 13. e4 dxe4 14. Nxe4 Bxe4 15.
Bxe4 Nxe4 16. Rxe4 Qxd1+ 17. Rxd1 Rad8 18. Red4 Bf6 19. Rxd8 Rxd8 20. Rxd8+ Bxd8
21. Kg2 b5 22. Kf3 h5 23. Ke4 f5+ 24. Ke5 Kf7 25. Kd6 Kf6 26. h4 Be7+ 27. Kc6 e5
28. Bg5+ 1-0

[Event "Challenge"]
[Site "http://www.queenalice.com/game.php?id=632014"]
[Date "2009.8.7"]
[Round "-"]
[White "Standby"]
[Black "enzo69"]
[Result "1-0"]
[WhiteElo "1908"]
[BlackElo "1777"]

1. d4 Nf6 2. Nc3 h6 3. e3 d5 4. Nf3 Bg4 5. h3 Bxf3 6. Qxf3 e6 7. a3 a6 8. Bd3
Be7 9. O-O O-O 10. Rd1 c5 11. Bf1 Nc6 12. Ne2 cxd4 13. exd4 Qd6 14. Bf4 e5 15.
dxe5 Nxe5 16. Qg3 Nfd7 17. Nd4 Qf6 18. c3 Bc5 19. Rd2 Bxd4 20. Rxd4 Qe6 21. Kh1
Rac8 22. Re1 Rfe8 23. Bd2 b5 24. f4 Qg6 25. Qf2 Nc4 26. Rxd5 Qc6 27. Bxc4 bxc4
28. Rd4 Rxe1+ 29. Qxe1 Nb6 30. Bc1 Re8 31. Qd2 Re6 32. f5 Re5 33. Qf2 Nd7 34.
Kg1 Nf6 35. Qf1 Qc5 36. Kh2 Rxf5 37. Qe2 Qe5+ 38. Qxe5 Rxe5 39. Rxc4 Kf8 40. Rd4
Rd5 41. Rb4 Rb5 42. Rc4 1-0